000 00635nam a2200229Ia 4500
003 OSt
005 20221005120408.0
006 a|||||r|||| 00| 0
007 ta
008 221004b |||||||| |||| 00| 0 eng d
024 _a56010
037 _cTextual
040 _aCRL
_cCRL
_beng
041 _2eng
_aeng
082 _aV2:1:G, E4
100 _aSmith Vincent A
245 0 _aEarly history of India
_b From 600 B C to the Muhammadan conquest including the invasion of Alexander the great.
260 _c1914
650 _aHISTORY
942 _hV2:1:G, E4
_cTEXL
_2cc
999 _c1037835
_d1037835